[Event "Palafrugell Gelpi Memorial 30th"]
[Site "Palafrugell"]
[Date "2017.11.11"]
[Round "8"]
[White "Font Font, Josep"]
[Black "Carmona Robles, Carlos"]
[Result "1-0"]
[WhiteElo "1789"]
[BlackElo "1872"]
[PlyCount "113"]
[EventDate "2017.09.23"]
[EventType "swiss"]
[EventRounds "9"]
[EventCountry "ESP"]
[SourceTitle "CBM 187 Extra"]
[Source "ChessBase"]
[SourceDate "2018.11.04"]
[SourceVersion "1"]
[SourceVersionDate "2018.11.04"]
[SourceQuality "1"]

1. e4 c5 2. Nf3 g6 3. d4 cxd4 4. Nxd4 Bg7 5. Be3 Nc6 6. Bc4 Nf6 7. Nc3 0-0 8. h3 Nxe4 9. Nxe4 d5 10. Nc3 dxc4 11. Nxc6 Bxc3+ 12. bxc3 Qxd1+ 13. Rxd1 bxc6 14. 0-0 Bf5 15. Bc5 Rfe8 16. Rfe1 Bxc2 17. Rd7 e5 18. Bxa7 f6 19. Re2 Bf5 20. Rc7 Rac8 21. Rb7 Rcd8 22. Bc5 Rd3 23. Bb4 c5 24. Ba5 Rd1+ 25. Kh2 Rb1 26. Reb2 Rxb2 27. Rxb2 Kf7 28. Bb6 Rb8 29. a4 Bc2 30. a5 Bb3 31. Rb1 Ke6 32. Ra1 Kd5 33. a6 Kc6 34. a7 Ra8 35. Bd8 f5 36. Be7 Kb5 37. Bd6 e4 38. Kg3 Ba4 39. Bb8 g5 40. Rc1 h5 41. h4 f4+ 42. Kh3 g4+ 43. Kh2 e3 44. fxe3 fxe3 45. Re1 Bc2 46. Rxe3 Ka4 47. Re8 Kb3 48. Kg3 Bg6 49. Rh8 Be4 50. Kf2 Kxc3 51. Rxh5 Kd3 52. Rxc5 c3 53. g3 Kd2 54. Bf4+ Kd1 55. Be3 c2 56. Rc4 Bf5 57. Rd4+ 1-0

[Event "Palafrugell Gelpi Memorial 30th"]
[Site "Palafrugell"]
[Date "2017.10.28"]
[Round "6"]
[White "Bou Janoher, Ernest"]
[Black "Font Font, Josep"]
[Result "1-0"]
[WhiteElo "1726"]
[BlackElo "1789"]
[PlyCount "73"]
[EventDate "2017.09.23"]
[EventType "swiss"]
[EventRounds "9"]
[EventCountry "ESP"]
[SourceTitle "CBM 187 Extra"]
[Source "ChessBase"]
[SourceDate "2018.11.04"]
[SourceVersion "1"]
[SourceVersionDate "2018.11.04"]
[SourceQuality "1"]

1. d4 Nf6 2. Nf3 b6 3. e3 Bb7 4. Bd3 e6 5. Nbd2 c5 6. c3 d5 7. Qe2 Nc6 8. e4 dxe4 9. Nxe4 cxd4 10. Nxf6+ gxf6 11. Be4 dxc3 12. bxc3 Qc7 13. Be3 0-0-0 14. a4 Ne5 15. Nd2 Bc5 16. 0-0 Rhg8 17. Bxc5 Qxc5 18. Bxb7+ Kxb7 19. a5 Rd3 20. Ne4 Qc6 21. f4 f5 22. fxe5 fxe4 23. Rxf7+ Kb8 24. a6 Qxc3 25. Raf1 Qb4 26. Qf2 Qc5 27. Qxc5 bxc5 28. Rb1+ Kc8 29. Rbb7 e3 30. g3 Rd1+ 31. Kg2 e2 32. Rxa7 Rg1+ 33. Kh3 R1xg3+ 34. hxg3 Rxg3+ 35. Kh4 Kb8 36. Rfb7+ Kc8 37. Ra8# 1-0

[Event "Costa Brava op 29th"]
[Site "Costa Brava"]
[Date "2016.11.26"]
[Round "8"]
[White "Font Font, Josep"]
[Black "Alarcon Pages, Salvador"]
[Result "1-0"]
[WhiteElo "1812"]
[BlackElo "1662"]
[PlyCount "96"]
[EventDate "2016.09.24"]
[EventType "swiss"]
[EventRounds "9"]
[EventCountry "ESP"]
[SourceTitle "EXT 2018"]
[Source "ChessBase"]
[SourceDate "2017.10.13"]
[SourceVersion "1"]
[SourceVersionDate "2017.10.13"]
[SourceQuality "1"]

1. e4 c5 2. Nf3 Nc6 3. d4 cxd4 4. Nxd4 e5 5. Nb5 a6 6. Nd6+ Bxd6 7. Qxd6 Qf6 8. Qc7 Qd8 9. Qxd8+ Kxd8 10. Bc4 f6 11. Be3 Kc7 12. Nc3 Nge7 13. 0-0-0 d6 14. f4 b5 15. Bb3 Bb7 16. f5 Na5 17. Be6 Rad8 18. b3 Bc6 19. g4 b4 20. Nd5+ Bxd5 21. exd5 Nb7 22. g5 Nc5 23. gxf6 gxf6 24. Bxc5 dxc5 25. Rhf1 Kd6 26. c3 a5 27. c4 a4 28. Kb2 a3+ 29. Kc2 h5 30. h4 Rh7 31. Rf2 Rdh8 32. Rdf1 Rh6 33. Kd3 R8h7 34. Ke4 Rh8 35. Rf3 Rf8 36. Rd1 Rh7 37. Rf2 Rhh8 38. Rg2 Rh6 39. Rg7 Rd8 40. Rxe7 Kxe7 41. d6+ Ke8 42. Rd5 Rh7 43. Rxc5 Rdd7 44. Bxd7+ Rxd7 45. Kd5 Rb7 46. Ke6 Kd8 47. Rb5 Kc8 48. Rxb7 Kxb7 1-0

[Event "Costa Brava op 29th"]
[Site "Costa Brava"]
[Date "2016.10.22"]
[Round "4"]
[White "Casas Garriga, Josefina"]
[Black "Font Font, Josep"]
[Result "0-1"]
[WhiteElo "1434"]
[BlackElo "1812"]
[PlyCount "119"]
[EventDate "2016.09.24"]
[EventType "swiss"]
[EventRounds "9"]
[EventCountry "ESP"]
[SourceTitle "EXT 2018"]
[Source "ChessBase"]
[SourceDate "2017.10.13"]
[SourceVersion "1"]
[SourceVersionDate "2017.10.13"]
[SourceQuality "1"]

1. e4 c5 2. Nf3 d6 3. c4 Nc6 4. d4 cxd4 5. Nxd4 Nf6 6. Nc3 g6 7. Be3 Bg7 8. Be2 0-0 9. 0-0 a6 10. a4 Qc7 11. Nd5 Nxd5 12. cxd5 Nxd4 13. Bxd4 Bxd4 14. Qxd4 Qc5 15. Qd2 Bd7 16. Rac1 Qb6 17. a5 Qd8 18. b4 Rc8 19. h4 f5 20. exf5 Bxf5 21. Bd3 Qd7 22. h5 Bxd3 23. Qxd3 gxh5 24. Qd2 Qf5 25. Rxc8 Rxc8 26. Rc1 Rxc1+ 27. Qxc1 Qxd5 28. Qc8+ Kf7 29. Qc2 Kg7 30. Qc3+ Kf7 31. Qc2 Ke6 32. Qc8+ Kf7 33. Qc2 Kg7 34. Qc3+ e5 35. Qg3+ Kf8 36. Qg5 Qe6 37. Qxh5 Qe7 38. Qf3+ Kg7 39. Qg4+ Kf6 40. Qh4+ Ke6 41. Qg4+ Kd5 42. Qd1+ Kc6 43. Qc2+ Kb5 44. Qc3 e4 45. Qd4 Ka4 46. b5+ Kxb5 47. Qb6+ Ka4 48. Qd4+ Kxa5 49. Qc3+ Kb6 50. Qd4+ Kc7 51. Qc3+ Kb8 52. Qh8+ Ka7 53. Qd4+ b6 54. Qe3 d5 55. Qd4 Qd7 56. f3 exf3 57. gxf3 a5 58. Kf2 Qf7 59. Qc3 Ka6 60. f4 0-1

[Event "Palafrugell Gelpi Memorial 27th"]
[Site "Palafrugell"]
[Date "2012.10.20"]
[Round "5"]
[White "Font Font, Josep"]
[Black "Carraminana Puig, Jordi"]
[Result "0-1"]
[WhiteElo "1801"]
[BlackElo "1794"]
[PlyCount "54"]
[EventDate "2012.09.22"]
[EventType "swiss"]
[EventRounds "9"]
[EventCountry "ESP"]
[SourceTitle "EXT 2014"]
[Source "ChessBase"]
[SourceDate "2013.11.20"]
[SourceVersion "1"]
[SourceVersionDate "2013.11.20"]
[SourceQuality "1"]

1. e4 e6 2. d4 d5 3. Nc3 Bb4 4. exd5 exd5 5. Nf3 Bg4 6. Be2 Nf6 7. 0-0 0-0 8. Bg5 c6 9. Ne5 Bxe2 10. Nxe2 Qd6 11. c3 Ba5 12. Bf4 Nh5 13. Nc4 Qd8 14. Nxa5 Qxa5 15. Bd6 Re8 16. g4 Nf6 17. Ng3 Nbd7 18. f3 Re6 19. Bf4 Nf8 20. Be5 N6d7 21. f4 f6 22. f5 Rxe5 23. dxe5 Nxe5 24. Qd4 Rd8 25. b4 Qa6 26. Rfe1 Nfd7 27. h3 Nf3+ 0-1

[Event "Palafrugell Gelpi Memorial 27th"]
[Site "Palafrugell"]
[Date "2012.09.29"]
[Round "2"]
[White "Perolet Perez, Miquel"]
[Black "Font Font, Josep"]
[Result "0-1"]
[WhiteElo "1676"]
[BlackElo "1801"]
[PlyCount "88"]
[EventDate "2012.09.22"]
[EventType "swiss"]
[EventRounds "9"]
[EventCountry "ESP"]
[SourceTitle "EXT 2014"]
[Source "ChessBase"]
[SourceDate "2013.11.20"]
[SourceVersion "1"]
[SourceVersionDate "2013.11.20"]
[SourceQuality "1"]

1. d4 Nf6 2. c3 b6 3. Bf4 Bb7 4. Nf3 e6 5. Nbd2 c5 6. e3 Be7 7. h3 0-0 8. Bd3 d5 9. 0-0 Nbd7 10. Bc2 b5 11. Re1 Rc8 12. e4 dxe4 13. Nxe4 Qb6 14. Rc1 Rfd8 15. Qe2 a5 16. Bd3 c4 17. Bc2 Nd5 18. Bg3 N7f6 19. Be5 h6 20. Qd2 Nxe4 21. Bxe4 Bd6 22. Bc2 Bxe5 23. Nxe5 Ne7 24. Qf4 f6 25. Nf3 Qd6 26. Qg4 Kf7 27. Qh5+ g6 28. Qg4 Rd7 29. Nh4 Rg8 30. Nf3 h5 31. Qg3 Qxg3 32. fxg3 Re8 33. Rf1 Kg7 34. Rce1 Bd5 35. Kf2 Nc6 36. Nh4 g5 37. Nf3 Rde7 38. Be4 Bxe4 39. Rxe4 e5 40. dxe5 Nxe5 41. Nxe5 Rxe5 42. Ree1 Kg6 43. g4 Rxe1 44. gxh5+ Kxh5 0-1